| 000 | 00417nam a22001337a 4500 | ||
|---|---|---|---|
| 020 | _a8014410339 | ||
| 040 | _cNUST | ||
| 082 |
_a629.8 _bPHE |
||
| 100 |
_aRichard M. Phelan _9125604 |
||
| 245 |
_aAutomatic Control Systems _bA Revolutionary, practical approach for students, teachers, and engineers |
||
| 260 |
_aNew York: _bCornell University Press, _c1977. |
||
| 650 | _2Automatic Control Systems | ||
| 942 |
_2ddc _cBK |
||
| 999 |
_c611336 _d611336 |
||